Công nghệ may

Saved in:
Bibliographic Details
Main Author:  Lê, Thị Kiều Liên
Format: Sách
Language:Undetermined
Published:  Đại học Quốc gia Tp. Hồ Chí Minh  2007
Subjects:
Tags: Add Tag
No Tags, Be the first to tag this record!
Institutions: Trung tâm Thư viện - Trường Đại học Công nghiệp TP. Hồ Chí Minh
LEADER 00511nam a2200157Ia 4500
001 UIH_03002
008 231011s9999 xx 000 0 und d
082 |a  646.3 
100 |a  Lê, Thị Kiều Liên 
245 0 |a  Công nghệ may 
245 0 |c  Lê, Thị Kiều Liên 
260 |b  Đại học Quốc gia Tp. Hồ Chí Minh 
260 |c  2007 
650 |a  May mặc;  
927 |a Sách 
980 |a Trung tâm Thư viện - Trường Đại học Công nghiệp TP. Hồ Chí Minh